[Event "RUS-ch IPCA"]
[Site "Volgograd"]
[Date "2017.05.01"]
[Round "2"]
[White "Melnik, Galina Ivanovna"]
[Black "Matveev, Vladimir I"]
[Result "1-0"]
[WhiteElo "1848"]
[BlackElo "1427"]
[PlyCount "71"]
[EventDate "2017.04.30"]
[EventType "swiss"]
[EventRounds "9"]
[EventCountry "RUS"]
[SourceTitle "CBM 178 Extra"]
[Source "ChessBase"]
[SourceDate "2017.06.22"]
[SourceVersion "1"]
[SourceVersionDate "2017.06.22"]
[SourceQuality "1"]

1. d4 d5 2. Nf3 Nc6 3. c4 e6 4. Nc3 dxc4 5. e3 Bd6 6. Bxc4 Nge7 7. e4 Na5 8. Bd3 c5 9. e5 Bc7 10. dxc5 Nac6 11. Qe2 Nd4 12. Qe4 Nxf3+ 13. gxf3 Ng6 14. f4 0-0 15. Be3 Rb8 16. 0-0-0 Qe7 17. Qf3 f5 18. h4 Bd7 19. Bb5 Rfd8 20. h5 Nf8 21. Kb1 a6 22. Bxd7 Rxd7 23. Na4 Ba5 24. c6 bxc6 25. Bc5 Qd8 26. Rd6 Bb4 27. Rhd1 Rxd6 28. exd6 Bxc5 29. Nxc5 Nd7 30. Nxe6 Qf6 31. Nd4 c5 32. Nb3 a5 33. Qd5+ Kf8 34. Rd2 a4 35. Nxc5 a3 36. Nxd7+ 1-0

[Event "Olympiad Women-42"]
[Site "Baku"]
[Date "2016.09.03"]
[Round "2.65"]
[White "Nepando, Jolly"]
[Black "Melnik, Galina Ivanovna"]
[Result "0-1"]
[WhiteElo "1517"]
[BlackElo "1915"]
[PlyCount "84"]
[EventDate "2016.09.02"]
[EventType "team-swiss"]
[EventRounds "11"]
[EventCountry "AZE"]
[SourceTitle "CBM 174 Extra"]
[Source "ChessBase"]
[SourceDate "2016.10.10"]
[SourceVersion "1"]
[SourceVersionDate "2016.10.10"]
[SourceQuality "1"]
[WhiteTeam "Namibia (W)"]
[BlackTeam "IPCA (W)"]
[WhiteTeamCountry "NAM"]

1. e4 c6 2. d4 g6 3. f4 d5 4. e5 h5 5. Nf3 Bg4 6. h3 Bxf3 7. Qxf3 e6 8. g3 Nd7 9. Bd3 Qb6 10. Qe3 c5 11. dxc5 Bxc5 12. Qe2 Ne7 13. c3 Nf5 14. Qf3 h4 15. g4 Ng3 16. Rh2 0-0-0 17. Nd2 Be7 18. Rg2 Nc5 19. Nf1 Nxd3+ 20. Qxd3 Kb8 21. Nxg3 hxg3 22. Be3 d4 23. Bxd4 Qc6 24. Qe2 Rxh3 25. 0-0-0 Rdh8 26. Rd3 Qa4 27. Rdxg3 Rxg3 28. Rxg3 Qxa2 29. Rg1 Qd5 30. Kc2 Rc8 31. Ra1 Qxd4 32. Qd2 Qxd2+ 33. Kxd2 a6 34. g5 Rd8+ 35. Kc2 Bc5 36. Re1 Kc7 37. Re4 b5 38. b4 Bg1 39. c4 bxc4 40. Rxc4+ Kb6 41. Re4 Rd4 42. Re1 Bh2 0-1

[Event "RUS IPCA-ch"]
[Site "Nalchik"]
[Date "2016.05.04"]
[Round "5"]
[White "Melnik, Galina Ivanovna"]
[Black "Kaydanovich, Marina"]
[Result "0-1"]
[WhiteElo "1936"]
[BlackElo "1828"]
[PlyCount "76"]
[EventDate "2016.04.30"]
[EventType "swiss"]
[EventRounds "9"]
[EventCountry "RUS"]
[SourceTitle "CBM 172 Extra"]
[Source "ChessBase"]
[SourceDate "2016.06.21"]
[SourceVersion "1"]
[SourceVersionDate "2016.06.21"]
[SourceQuality "1"]

1. Nf3 c5 2. c3 Nc6 3. d4 cxd4 4. cxd4 d5 5. e3 Nf6 6. Nc3 e6 7. Bd3 Bb4 8. 0-0 Bxc3 9. bxc3 0-0 10. c4 Re8 11. Bb2 Qd6 12. Rc1 h6 13. Ne5 Nd7 14. cxd5 exd5 15. Nxc6 bxc6 16. Qa4 Bb7 17. Ba3 Qe6 18. Qb4 Nb6 19. Rfe1 Rad8 20. Qb3 Ba8 21. Bc5 Rb8 22. Qc2 Bb7 23. Rb1 Bc8 24. a4 Bd7 25. h3 f5 26. Rec1 Qf6 27. a5 Nc4 28. Bxc4 dxc4 29. Qxc4+ Be6 30. Qf1 Bd5 31. Bxa7 Ra8 32. Bb6 f4 33. Re1 Rf8 34. exf4 Qxf4 35. Re7 Rf6 36. Bc7 Qg5 37. Re5 Qd2 38. Qd1 Qxf2+ 0-1

[Event "RUS IPCA-ch"]
[Site "Nalchik"]
[Date "2016.05.02"]
[Round "3"]
[White "Melnik, Galina Ivanovna"]
[Black "Alekseev, Mikhail"]
[Result "0-1"]
[WhiteElo "1936"]
[BlackElo "1771"]
[PlyCount "54"]
[EventDate "2016.04.30"]
[EventType "swiss"]
[EventRounds "9"]
[EventCountry "RUS"]
[SourceTitle "CBM 172 Extra"]
[Source "ChessBase"]
[SourceDate "2016.06.21"]
[SourceVersion "1"]
[SourceVersionDate "2016.06.21"]
[SourceQuality "1"]

1. d4 Nf6 2. Nf3 g6 3. g3 Bg7 4. Bg2 0-0 5. c4 d5 6. 0-0 dxc4 7. Na3 c3 8. bxc3 c5 9. Ne5 Nfd7 10. f4 cxd4 11. cxd4 Nxe5 12. fxe5 Nc6 13. e3 Bd7 14. Rb1 b6 15. Nb5 a6 16. Nc3 Rc8 17. Na4 Rb8 18. Bd2 Nxe5 19. Qb3 b5 20. Nc5 Nc4 21. Bc1 Bf5 22. Ra1 Bxd4 23. exd4 Qxd4+ 24. Kh1 Qxc5 25. Bh6 Rfd8 26. Qc3 Qd4 27. Qc1 Be4 0-1

[Event "RUS IPCA-ch"]
[Site "Nalchik"]
[Date "2016.05.01"]
[Round "2"]
[White "Dorozhkina, Mariya"]
[Black "Melnik, Galina Ivanovna"]
[Result "1/2-1/2"]
[WhiteElo "1517"]
[BlackElo "1936"]
[PlyCount "84"]
[EventDate "2016.04.30"]
[EventType "swiss"]
[EventRounds "9"]
[EventCountry "RUS"]
[SourceTitle "CBM 172 Extra"]
[Source "ChessBase"]
[SourceDate "2016.06.21"]
[SourceVersion "1"]
[SourceVersionDate "2016.06.21"]
[SourceQuality "1"]

1. e4 d5 2. exd5 Nf6 3. Bb5+ Bd7 4. Bc4 Bg4 5. Nf3 Nxd5 6. d4 e6 7. 0-0 Be7 8. Be2 0-0 9. c4 Nf6 10. Nc3 c6 11. h3 Bh5 12. Bf4 h6 13. Re1 Re8 14. Rc1 Na6 15. Ne5 Bxe2 16. Nxe2 c5 17. Nf3 Rc8 18. b3 cxd4 19. Nexd4 Ba3 20. Rb1 Nb4 21. Bh2 a6 22. Ne5 Qb6 23. Ndf3 Red8 24. Qe2 a5 25. Red1 Nc6 26. Nxc6 Qxc6 27. Nd4 Qb6 28. Nb5 Be7 29. Rxd8+ Qxd8 30. Rd1 Qb6 31. Be5 Rf8 32. Bc7 Qa6 33. Qe5 a4 34. Bd6 Bxd6 35. Rxd6 Qa5 36. Qd4 axb3 37. axb3 Qa2 38. Qe3 Qb1+ 39. Kh2 Ra8 40. Qd3 Qxd3 41. Rxd3 Kf8 42. f3 Ke7 1/2-1/2

[Event "RUS IPCA-ch"]
[Site "Nalchik"]
[Date "2016.04.30"]
[Round "1"]
[White "Melnik, Galina Ivanovna"]
[Black "Obodchuk, Andrei"]
[Result "0-1"]
[WhiteElo "1936"]
[BlackElo "2368"]
[PlyCount "44"]
[EventDate "2016.04.30"]
[EventType "swiss"]
[EventRounds "9"]
[EventCountry "RUS"]
[SourceTitle "CBM 172 Extra"]
[Source "ChessBase"]
[SourceDate "2016.06.21"]
[SourceVersion "1"]
[SourceVersionDate "2016.06.21"]
[SourceQuality "1"]

1. d4 Nf6 2. Nf3 g6 3. g3 Bg7 4. Bg2 0-0 5. 0-0 d6 6. c4 Nc6 7. Nc3 Rb8 8. h3 a6 9. a4 a5 10. e4 Nd7 11. Be3 e5 12. dxe5 Ndxe5 13. Nd2 Nb4 14. Nd5 Ned3 15. Nxb4 Nxb4 16. Rb1 Be6 17. b3 Qd7 18. Kh2 f5 19. c5 d5 20. exd5 Nxd5 21. Nc4 Nxe3 22. Qxd7 Nxf1+ 0-1

[Event "IPCA Wch 15th"]
[Site "Bratislava"]
[Date "2015.06.23"]
[Round "6"]
[White "Linqvist, Grels"]
[Black "Melnik, Galina Ivanovna"]
[Result "1/2-1/2"]
[WhiteElo "2027"]
[BlackElo "1936"]
[PlyCount "194"]
[EventDate "2015.06.19"]
[EventType "swiss"]
[EventRounds "9"]
[EventCountry "SVK"]
[SourceTitle "CBM 167 Extra"]
[Source "ChessBase"]
[SourceDate "2015.09.14"]
[SourceVersion "1"]
[SourceVersionDate "2015.09.14"]
[SourceQuality "1"]

1. c4 Nf6 2. Nf3 e6 3. d4 d5 4. e3 c6 5. Nc3 Nbd7 6. Bd3 dxc4 7. Bxc4 b5 8. Bd3 a6 9. e4 Bb7 10. e5 Nd5 11. Nxd5 cxd5 12. 0-0 Be7 13. Qe2 0-0 14. Bd2 Qb6 15. Rac1 Rac8 16. Rfe1 Rxc1 17. Rxc1 Rc8 18. Rxc8+ Bxc8 19. Qe3 f5 20. exf6 Bxf6 21. Qf4 Qb8 22. Qg4 Nf8 23. Qf4 Qxf4 24. Bxf4 Bd7 25. Bc7 Be8 26. Kf1 Bg6 27. Bxg6 Nxg6 28. Ke2 Kf7 29. Kd3 Ke8 30. g3 Kd7 31. Ba5 Be7 32. Bd2 Bd6 33. h3 h5 34. b3 Kc6 35. Bc3 Be7 36. Ke3 Bf6 37. Kd3 Kd6 38. Bd2 Bd8 39. Bb4+ Kd7 40. Ke3 Bf6 41. Kd3 Kc6 42. Bc3 Kd7 43. Ng1 e5 44. dxe5 Nxe5+ 45. Bxe5 Bxe5 46. Ne2 g5 47. Ke3 Ke7 48. Nc1 g4 49. h4 Ke6 50. Nd3 Kf5 51. Nb4 a5 52. Nxd5 a4 53. bxa4 bxa4 54. Nb6 a3 55. Nc4 Bb2 56. Kd3 Ke6 57. Ke4 Bc1 58. Ne3 Kf6 59. Nd5+ Kg6 60. Ke5 Bb2+ 61. Ke6 Bd4 62. Nf4+ Kh6 63. Nd3 Kg6 64. Kd5 Bb6 65. Ke4 Ba7 66. Nf4+ Kh6 67. Nd3 Kg6 68. Kd5 Kf5 69. Nf4 Bxf2 70. Nxh5 Be3 71. Ng7+ Kf6 72. Ne6 Bf2 73. Nc5 Kf5 74. Ne4 Be3 75. Nc3 Bf2 76. Ne2 Be3 77. Nd4+ Kg6 78. Ke4 Bf2 79. Ne2 Bc5 80. Nf4+ Kf6 81. Ne2 Bd6 82. Kd4 Kf5 83. Kd5 Bc7 84. Kd4 Be5+ 85. Ke3 Bd6 86. Nd4+ Kg6 87. Ne2 Kf5 88. Nf4 Bc5+ 89. Ke2 Bd6 90. Ke3 Bc5+ 91. Kd3 Be7 92. Ne2 Bf6 93. Ke3 Be5 94. Nf4 Bd6 95. Ne2 Be5 96. Nf4 Bd6 97. Ne2 Be5 1/2-1/2

[Event "IPCA Wch 15th"]
[Site "Bratislava"]
[Date "2015.06.22"]
[Round "5"]
[White "Melnik, Galina Ivanovna"]
[Black "Zicho, Anton"]
[Result "1-0"]
[WhiteElo "1936"]
[BlackElo "1732"]
[PlyCount "73"]
[EventDate "2015.06.19"]
[EventType "swiss"]
[EventRounds "9"]
[EventCountry "SVK"]
[SourceTitle "CBM 167 Extra"]
[Source "ChessBase"]
[SourceDate "2015.09.14"]
[SourceVersion "1"]
[SourceVersionDate "2015.09.14"]
[SourceQuality "1"]

1. d4 d5 2. Nf3 Nf6 3. c4 e6 4. Nc3 Be7 5. Bg5 h6 6. Bh4 0-0 7. e3 Nbd7 8. Rc1 Re8 9. Qc2 c6 10. h3 Nh5 11. Bxe7 Qxe7 12. Be2 dxc4 13. Bxc4 Nhf6 14. 0-0 Nd5 15. e4 Nxc3 16. Qxc3 Nf6 17. Rfe1 Qc7 18. Bd3 Rd8 19. Bb1 Qf4 20. e5 Nd5 21. Qc2 g6 22. Re4 Qf5 23. Qd2 g5 24. Rg4 Qxg4 25. hxg4 Nf4 26. g3 Ng6 27. Qe3 Kg7 28. Nd2 b6 29. Ne4 Rd7 30. Qf3 Bb7 31. Qf6+ Kh7 32. Nd6 Rg8 33. Be4 Ba8 34. Kg2 Rc7 35. Rh1 c5 36. Qxg5 Bxe4+ 37. Nxe4 1-0

[Event "IPCA Wch 15th"]
[Site "Bratislava"]
[Date "2015.06.21"]
[Round "4"]
[White "Jennitha, Anto K"]
[Black "Melnik, Galina Ivanovna"]
[Result "1-0"]
[WhiteElo "1963"]
[BlackElo "1936"]
[PlyCount "91"]
[EventDate "2015.06.19"]
[EventType "swiss"]
[EventRounds "9"]
[EventCountry "SVK"]
[SourceTitle "CBM 167 Extra"]
[Source "ChessBase"]
[SourceDate "2015.09.14"]
[SourceVersion "1"]
[SourceVersionDate "2015.09.14"]
[SourceQuality "1"]

1. e4 d5 2. exd5 Qxd5 3. Nc3 Qa5 4. d4 c6 5. Nf3 Bg4 6. h3 Bxf3 7. Qxf3 e6 8. Bd2 Qd8 9. 0-0-0 Nf6 10. Bf4 Be7 11. Bc4 0-0 12. g4 Nbd7 13. Kb1 b5 14. Bd3 b4 15. Ne2 Nd5 16. Bc1 Re8 17. h4 Nf8 18. g5 g6 19. Rdg1 Bd6 20. h5 e5 21. dxe5 Bxe5 22. Bc4 Re7 23. hxg6 fxg6 24. Rd1 Rd7 25. Qe4 Bg7 26. Nf4 Rb8 27. Nxd5 cxd5 28. Rxd5 Kh8 29. Rhd1 Qe7 30. Qxe7 Rxe7 31. f4 Rc8 32. b3 Rb8 33. Bb2 Bxb2 34. Kxb2 Kg7 35. f5 gxf5 36. Rxf5 Ng6 37. Rdd5 Nh4 38. Rf6 Ng2 39. Bd3 Nh4 40. Rh6 Ng6 41. Bxg6 hxg6 42. Rd6 Rb6 43. Rhxg6+ Kf7 44. Rxb6 axb6 45. Rxb6 Re4 46. a3 1-0

[Event "IPCA Wch 15th"]
[Site "Bratislava"]
[Date "2015.06.21"]
[Round "3"]
[White "Melnik, Galina Ivanovna"]
[Black "Samarth, J Rao"]
[Result "1/2-1/2"]
[WhiteElo "1936"]
[BlackElo "1268"]
[PlyCount "105"]
[EventDate "2015.06.19"]
[EventType "swiss"]
[EventRounds "9"]
[EventCountry "SVK"]
[SourceTitle "CBM 167 Extra"]
[Source "ChessBase"]
[SourceDate "2015.09.14"]
[SourceVersion "1"]
[SourceVersionDate "2015.09.14"]
[SourceQuality "1"]

1. d4 d5 2. Nf3 Nf6 3. c4 e6 4. Nc3 dxc4 5. e3 c5 6. Bxc4 Nc6 7. 0-0 cxd4 8. exd4 Bd6 9. Re1 0-0 10. Bg5 Be7 11. h3 Qb6 12. Qd2 Rd8 13. Na4 Qc7 14. Bf4 Nxd4 15. Ne5 Nf3+ 16. Nxf3 Qxc4 17. b3 Rxd2 18. bxc4 Rc2 19. Rec1 Rxc1+ 20. Rxc1 Bd7 21. Nc3 Rc8 22. Ne5 Bc6 23. Nxc6 Rxc6 24. Nb5 a6 25. Nd4 Rc8 26. Nb3 Ba3 27. Rd1 h6 28. Rd4 Bb2 29. Rd2 Rxc4 30. Rxb2 Rxf4 31. Nc5 a5 32. Rxb7 Rb4 33. Ra7 Rb1+ 34. Kh2 Rb2 35. Rxa5 Rxf2 36. Ra8+ Kh7 37. a4 Nd5 38. Kg3 Rc2 39. Nd7 Rc3+ 40. Kf2 Kg6 41. a5 Kf5 42. Ra7 Kf4 43. Nb6 Rc2+ 44. Ke1 f5 45. Nxd5+ exd5 46. Rxg7 Ra2 47. Rg6 Rxa5 48. Rxh6 Ra2 49. g4 fxg4 50. hxg4 d4 51. Re6 Ra4 52. Kd2 Kxg4 53. Kd3 1/2-1/2

[Event "RUS IPCA-ch"]
[Site "Nalchik"]
[Date "2015.05.08"]
[Round "9"]
[White "Melnik, Galina Ivanovna"]
[Black "Kolomytchenko, Igor Aleksandrovich"]
[Result "1/2-1/2"]
[WhiteElo "1971"]
[BlackElo "2073"]
[PlyCount "57"]
[EventDate "2015.04.30"]
[EventType "swiss"]
[EventRounds "9"]
[EventCountry "RUS"]
[SourceTitle "EXT 2018"]
[Source "ChessBase"]
[SourceDate "2017.10.13"]
[SourceVersion "1"]
[SourceVersionDate "2017.10.13"]
[SourceQuality "1"]

1. d4 d5 2. Nf3 Nf6 3. c4 c6 4. e3 e6 5. Nc3 Nbd7 6. Bd3 Bd6 7. 0-0 0-0 8. Re1 dxc4 9. Bxc4 e5 10. dxe5 Nxe5 11. Nxe5 Bxe5 12. f4 Bxc3 13. bxc3 Qxd1 14. Rxd1 Bg4 15. Re1 Ne4 16. h3 Be6 17. Bxe6 fxe6 18. Bb2 Rfd8 19. Rad1 Kf7 20. g4 g6 21. c4 Nd2 22. Kf2 Nxc4 23. Bd4 b6 24. Rc1 b5 25. Red1 a5 26. Ke2 Rd7 27. Bc5 Rad8 28. Rxd7+ Rxd7 29. Rc2 1/2-1/2

[Event "RUS IPCA-ch"]
[Site "Nalchik"]
[Date "2015.05.02"]
[Round "3"]
[White "Melnik, Galina Ivanovna"]
[Black "Kurochkina, Elena"]
[Result "1/2-1/2"]
[WhiteElo "1971"]
[BlackElo "1776"]
[PlyCount "115"]
[EventDate "2015.04.30"]
[EventType "swiss"]
[EventRounds "9"]
[EventCountry "RUS"]
[SourceTitle "EXT 2018"]
[Source "ChessBase"]
[SourceDate "2017.10.13"]
[SourceVersion "1"]
[SourceVersionDate "2017.10.13"]
[SourceQuality "1"]

1. d4 e6 2. c4 f5 3. Nc3 Nf6 4. a3 b6 5. f3 Bb7 6. e3 Be7 7. Bd3 0-0 8. Nge2 d6 9. 0-0 Qe8 10. e4 fxe4 11. fxe4 Nc6 12. Qe1 e5 13. d5 Na5 14. Qd1 Bc8 15. b4 Nb7 16. Ng3 Nd8 17. Nb5 Qd7 18. Bd2 a6 19. Nc3 Nf7 20. Be2 c6 21. Nf5 cxd5 22. Nxd5 Nxd5 23. cxd5 Ng5 24. Bd3 Bf6 25. Be3 Qd8 26. Qc1 Bb7 27. Ra2 Rc8 28. Rc2 Nf7 29. Rff2 b5 30. Rxc8 Qxc8 31. Rc2 Qb8 32. Rc7 Rc8 33. Rxc8+ Qxc8 34. Qxc8+ Bxc8 35. Ng3 Bd8 36. Kf2 Kf8 37. Nf1 Bd7 38. h3 Ke7 39. Nd2 h6 40. g4 Ke8 41. Kg3 Bg5 42. Nf1 Bxe3 43. Nxe3 g6 44. h4 Ke7 45. Nc2 Nd8 46. g5 hxg5 47. hxg5 Nf7 48. Kh4 Nd8 49. Be2 Nb7 50. a4 Nd8 51. axb5 axb5 52. Na3 Nb7 53. Nxb5 Kd8 54. Kg3 Kc8 55. Na3 Kc7 56. Nc2 Kb6 57. Ne3 Nd8 58. Ng4 1/2-1/2

[Event "RUS IPCA-ch"]
[Site "Nalchik"]
[Date "2015.05.01"]
[Round "2"]
[White "Gedgafov, Chamal"]
[Black "Melnik, Galina Ivanovna"]
[Result "1-0"]
[WhiteElo "2140"]
[BlackElo "1971"]
[PlyCount "98"]
[EventDate "2015.04.30"]
[EventType "swiss"]
[EventRounds "9"]
[EventCountry "RUS"]
[SourceTitle "EXT 2018"]
[Source "ChessBase"]
[SourceDate "2017.10.13"]
[SourceVersion "1"]
[SourceVersionDate "2017.10.13"]
[SourceQuality "1"]

1. Nf3 Nf6 2. b3 d5 3. Bb2 Bg4 4. e3 e6 5. Be2 Nbd7 6. d3 Bd6 7. Nbd2 0-0 8. c4 c6 9. 0-0 Qe7 10. Rc1 Rac8 11. Re1 Ba3 12. Bxa3 Qxa3 13. h3 Bh5 14. g4 Bg6 15. Nh4 Qe7 16. Nxg6 hxg6 17. d4 Nh7 18. f4 Qh4 19. Kg2 Nhf6 20. Nf3 Qh7 21. Bd3 Rfe8 22. Qd2 Qh8 23. Qb4 Rb8 24. Qd6 Red8 25. Qa3 a6 26. Qb2 Ne4 27. cxd5 exd5 28. Bxe4 dxe4 29. Ng5 Nf6 30. Kg3 Re8 31. Qb1 Re7 32. b4 Rbe8 33. Qb3 Nd5 34. h4 f6 35. Nh3 Kh7 36. a4 Qg8 37. b5 axb5 38. axb5 Qe6 39. Qd1 Nb4 40. Rh1 Nd3 41. Rb1 Qd5 42. bxc6 bxc6 43. g5 f5 44. h5 Qd6 45. Ng1 Kg8 46. Ne2 gxh5 47. Rxh5 Kf7 48. Rb6 Qd5 49. Qa4 Nb2 1-0

[Event "IPCA Wch 14th"]
[Site "Apatin"]
[Date "2014.09.19"]
[Round "5"]
[White "Melnik, Galina Ivanovna"]
[Black "Kurochkina, Elena"]
[Result "1-0"]
[WhiteElo "1971"]
[BlackElo "1768"]
[PlyCount "89"]
[EventDate "2014.09.16"]
[EventType "swiss"]
[EventRounds "9"]
[EventCountry "SRB"]
[SourceTitle "CBM 162 Extra"]
[Source "ChessBase"]
[SourceDate "2014.10.17"]
[SourceVersion "1"]
[SourceVersionDate "2014.10.17"]
[SourceQuality "1"]

1. d4 e6 2. Nf3 f5 3. c4 Nf6 4. Nc3 Bb4 5. Qb3 c5 6. e3 0-0 7. a3 Bxc3+ 8. Qxc3 Ne4 9. Qc2 b6 10. Bd3 Bb7 11. 0-0 Qe8 12. Nd2 Qg6 13. f3 Ng5 14. b4 cxd4 15. exd4 Nh3+ 16. Kh1 Nf4 17. Nb3 Nxd3 18. Qxd3 Na6 19. Bf4 Rac8 20. Bd6 Rfe8 21. Nd2 Nb8 22. Rac1 Nc6 23. b5 Nd8 24. c5 Nf7 25. Nc4 Bd5 26. Ne5 Qh6 27. Nxf7 Kxf7 28. Rc2 Qg5 29. cxb6 axb6 30. Bc7 Qe7 31. Rc3 Rxc7 32. Rxc7 Qd6 33. Rfc1 Ra8 34. R1c3 Kf6 35. Kg1 Ke7 36. Rc8 Bb7 37. Rxa8 Bxa8 38. Qe3 h6 39. Qe5 Qxe5 40. dxe5 Kd8 41. Kf2 Bd5 42. h4 d6 43. exd6 Kd7 44. f4 Kxd6 45. Rc8 1-0

[Event "IPCA Wch 14th"]
[Site "Apatin"]
[Date "2014.09.17"]
[Round "3"]
[White "Melnik, Galina Ivanovna"]
[Black "Kaydanovich, Marina"]
[Result "1-0"]
[WhiteElo "1971"]
[BlackElo "1824"]
[PlyCount "52"]
[EventDate "2014.09.16"]
[EventType "swiss"]
[EventRounds "9"]
[EventCountry "SRB"]
[SourceTitle "CBM 162 Extra"]
[Source "ChessBase"]
[SourceDate "2014.10.17"]
[SourceVersion "1"]
[SourceVersionDate "2014.10.17"]
[SourceQuality "1"]

1. d4 d5 2. Nf3 Nf6 3. c4 e6 4. Nc3 c6 5. e3 Bd6 6. Qc2 Nbd7 7. Bd3 e5 8. cxd5 cxd5 9. dxe5 Nxe5 10. Nxe5 Bxe5 11. Bd2 0-0 12. 0-0 Bxh2+ 13. Kxh2 Ng4+ 14. Kg3 h5 15. Rh1 g6 16. f4 b6 17. Nb5 a6 18. Nd4 Re8 19. Rae1 Kg7 20. Nc6 Qd6 21. Bc3+ Kh6 22. Ne5 Qe6 23. Qe2 Nxe5 24. Bxe5 f6 25. Bd4 Ra7 26. Bxg6 Kxg6 1-0

[Event "Olympiad Women-41"]
[Site "Tromsoe"]
[Date "2014.08.04"]
[Round "3.1"]
[White "Ptacnikova, Lenka"]
[Black "Melnik, Galina Ivanovna"]
[Result "1-0"]
[WhiteElo "2273"]
[BlackElo "2017"]
[PlyCount "69"]
[EventDate "2014.08.02"]
[EventType "team-swiss"]
[EventRounds "11"]
[EventCountry "NOR"]
[SourceTitle "CBM 162"]
[Source "ChessBase"]
[SourceDate "2014.09.17"]
[SourceVersion "1"]
[SourceVersionDate "2014.09.17"]
[SourceQuality "1"]
[WhiteTeam "Iceland (W)"]
[BlackTeam "IPCA (W)"]
[WhiteTeamCountry "ISL"]

1. c4 c6 2. Nf3 Nf6 3. g3 d5 4. b3 Bf5 5. Bg2 e6 6. 0-0 Bd6 7. Bb2 Nbd7 8. d3 0-0 9. Nc3 h6 10. e4 Bh7 11. Qe2 dxe4 12. dxe4 Qc7 13. Nd4 Rfd8 14. Rfd1 Bc5 15. Na4 Be7 16. Rac1 Nc5 17. Nxc5 Bxc5 18. e5 Nd7 19. f4 Nf8 20. Kh1 Rd7 21. Nf3 Rad8 22. Bc3 a5 23. Rxd7 Rxd7 24. Rd1 Bb4 25. Bb2 Qd8 26. Rxd7 Qxd7 27. Bf1 Bc5 28. Bc3 b6 29. h3 Bb4 30. Bd4 Qd8 31. Kh2 Ba3 32. Bf2 Be7 33. Nd4 c5 34. Nb5 g5 35. Bg2 1-0

[Event "RUS IPCA-ch"]
[Site "Nalchik"]
[Date "2014.05.06"]
[Round "6"]
[White "Kurochkina, Elena"]
[Black "Melnik, Galina Ivanovna"]
[Result "0-1"]
[WhiteElo "1805"]
[BlackElo "2023"]
[PlyCount "70"]
[EventDate "2014.05.01"]
[EventType "swiss"]
[EventRounds "9"]
[EventCountry "RUS"]
[SourceTitle "CBM 160 Extra"]
[Source "ChessBase"]
[SourceDate "2014.07.01"]
[SourceVersion "1"]
[SourceVersionDate "2014.07.01"]
[SourceQuality "1"]

1. d4 d5 2. c4 e6 3. Nf3 Nf6 4. g3 dxc4 5. Bg2 a6 6. a4 Nc6 7. 0-0 Bd7 8. Qc2 b5 9. b3 Nb4 10. Qd1 Bc6 11. bxc4 bxc4 12. Na3 c3 13. Nc2 a5 14. Ne5 Bxg2 15. Kxg2 Bd6 16. Nd3 0-0 17. f3 Be7 18. Ba3 Nfd5 19. Kf2 f5 20. Qc1 Nxd3+ 21. exd3 Nb4 22. Rd1 Qd5 23. Kg2 Bd6 24. Rb1 Rab8 25. Na1 Qxd4 26. Nb3 Qf6 27. Bxb4 axb4 28. Qc2 h5 29. d4 h4 30. Rf1 hxg3 31. hxg3 f4 32. Rh1 fxg3 33. Qh7+ Kf7 34. Qe4 Qf5 35. Qc6 Qc2+ 0-1

[Event "RUS IPCA-ch"]
[Site "Nalchik"]
[Date "2014.05.05"]
[Round "5"]
[White "Melnik, Galina Ivanovna"]
[Black "Tersinsev, Andrey"]
[Result "0-1"]
[WhiteElo "2023"]
[BlackElo "2011"]
[PlyCount "74"]
[EventDate "2014.05.01"]
[EventType "swiss"]
[EventRounds "9"]
[EventCountry "RUS"]
[SourceTitle "CBM 160 Extra"]
[Source "ChessBase"]
[SourceDate "2014.07.01"]
[SourceVersion "1"]
[SourceVersionDate "2014.07.01"]
[SourceQuality "1"]

1. e4 c5 2. Nc3 Nc6 3. g3 g6 4. Bg2 Bg7 5. d3 d6 6. Nf3 e5 7. Be3 Nge7 8. Qd2 Rb8 9. 0-0 0-0 10. Bh6 f6 11. Ne1 b5 12. Bxg7 Kxg7 13. f4 b4 14. Nd1 Be6 15. Ne3 Qd7 16. f5 Bf7 17. g4 g5 18. Nf3 h6 19. h4 Nd4 20. hxg5 Nxf3+ 21. Bxf3 hxg5 22. Qg2 Rfd8 23. Kf2 a5 24. Kg3 Qc7 25. Kf2 Rh8 26. Rh1 a4 27. Rxh8 Rxh8 28. a3 d5 29. Rh1 d4 30. Nd5 Qd6 31. Rxh8 Kxh8 32. Qh1+ Kg7 33. Nxe7 Qxe7 34. c4 dxc3 35. bxc3 bxa3 36. Qa1 Qb7 37. Qxa3 Qb3 0-1

[Event "RUS IPCA-ch"]
[Site "Nalchik"]
[Date "2014.05.02"]
[Round "2"]
[White "Obodchuk, Andrei"]
[Black "Melnik, Galina Ivanovna"]
[Result "1-0"]
[WhiteElo "2386"]
[BlackElo "2023"]
[PlyCount "68"]
[EventDate "2014.05.01"]
[EventType "swiss"]
[EventRounds "9"]
[EventCountry "RUS"]
[SourceTitle "CBM 160 Extra"]
[Source "ChessBase"]
[SourceDate "2014.07.01"]
[SourceVersion "1"]
[SourceVersionDate "2014.07.01"]
[SourceQuality "1"]

1. d4 Nf6 2. c4 e6 3. Nf3 b6 4. Nc3 Bb7 5. a3 d6 6. d5 e5 7. e4 Nbd7 8. Bd3 Be7 9. Bc2 0-0 10. h3 Nh5 11. Ne2 Ba6 12. b3 b5 13. cxb5 Bxb5 14. Bd3 Bxd3 15. Qxd3 Nc5 16. Qc2 a5 17. Be3 Bf6 18. Bxc5 dxc5 19. 0-0 Qd6 20. Rac1 Be7 21. a4 g6 22. Nc3 Qf6 23. Qd2 Bd6 24. Qe3 Qf4 25. Rfe1 Rfe8 26. Nb5 Kg7 27. Nd2 Qxe3 28. Rxe3 f5 29. Nc4 f4 30. Rec3 Red8 31. Nd2 Nf6 32. Rxc5 Bxc5 33. Rxc5 Rd7 34. Nxc7 Kf7 1-0

[Event "IPCA Wch-A 13th"]
[Site "Velke Losiny"]
[Date "2013.06.22"]
[Round "6"]
[White "Tersinsev, Andrey"]
[Black "Melnik, Galina Ivanovna"]
[Result "1-0"]
[WhiteElo "1939"]
[BlackElo "2004"]
[PlyCount "119"]
[EventDate "2013.06.18"]
[EventType "swiss"]
[EventRounds "9"]
[EventCountry "CZE"]
[SourceTitle "CBM 155 Extra"]
[Source "ChessBase"]
[SourceDate "2013.08.26"]
[SourceVersion "1"]
[SourceVersionDate "2013.08.26"]
[SourceQuality "1"]

1. d4 d5 2. c4 e6 3. Nc3 Nf6 4. cxd5 exd5 5. Bg5 Be7 6. e3 0-0 7. Bd3 c6 8. Nge2 h6 9. Bh4 Ne4 10. Bxe7 Qxe7 11. Nf4 Nf6 12. 0-0 Nbd7 13. Qc2 Re8 14. Rae1 Qd6 15. f3 Nf8 16. Qd2 Ne6 17. Nfe2 Rd8 18. Bc2 b6 19. Rd1 Qf8 20. Qe1 c5 21. Bb3 Bb7 22. Rd2 Qe7 23. Qf2 Nc7 24. Nf4 Rd6 25. Re1 Qf8 26. Kh1 Re8 27. Red1 Red8 28. Rg1 Bc6 29. Rgd1 Qe7 30. g4 g5 31. Ng2 Ne6 32. Ne2 Re8 33. Bc2 Ng7 34. Ng3 Qe6 35. Bf5 Qe7 36. Re1 Bd7 37. Bc2 Qd8 38. h3 Bc8 39. a3 Bb7 40. Rf1 Re7 41. Rfd1 Nfe8 42. f4 f6 43. Qf1 c4 44. Rf2 Nc7 45. fxg5 fxg5 46. Qe2 Rf7 47. Rdf1 Rdf6 48. Bb1 Nce6 49. Bf5 Nf8 50. Ne1 Qd6 51. Kg2 Bc6 52. Nf3 Nd7 53. Qc2 Rf8 54. Qc3 Qe7 55. Re1 Qf7 56. Rfe2 Re8 57. Nd2 Nxf5 58. Nxf5 h5 59. Rf2 h4 60. Nh6+ 1-0